Sampled-data output feedback control via high performance robust control schemes / (Record no. 540736)
[ view plain ]
| 000 -LEADER | |
|---|---|
| fixed length control field | 00498nam a22001457a 4500 |
| 082 ## - DEWEY DECIMAL CLASSIFICATION NUMBER | |
| Classification number | 621.3 |
| 100 ## - MAIN ENTRY--PERSONAL NAME | |
| Personal name | Hafiz Ullah |
| 245 ## - TITLE STATEMENT | |
| Title | Sampled-data output feedback control via high performance robust control schemes / |
| Statement of responsibility, etc. | Hafiz Ullah. |
| 260 ## - PUBLICATION, DISTRIBUTION, ETC. | |
| Place of publication, distribution, etc. | Islamabad: |
| Name of publisher, distributor, etc. | CEME - NUST, |
| Date of publication, distribution, etc. | 2015. |
| 300 ## - PHYSICAL DESCRIPTION | |
| Extent | 78 p.: ill.; |
| Dimensions | 30cm. |
| 650 ## - SUBJECT ADDED ENTRY--TOPICAL TERM | |
| Topical term or geographic name entry element | Electrical Engineering - MS Theses. |
| 700 ## - ADDED ENTRY--PERSONAL NAME | |
| Personal name | Sup: Dr. Muwahida Liaquat. |
| 942 ## - ADDED ENTRY ELEMENTS (KOHA) | |
| Source of classification or shelving scheme | |
| Koha item type | Thesis |
| 650 ## - SUBJECT ADDED ENTRY--TOPICAL TERM | |
| -- | 26977 |
| 700 ## - ADDED ENTRY--PERSONAL NAME | |
| -- | 34763 |
| Withdrawn status | Lost status | Source of classification or shelving scheme | Damaged status | Not for loan | Permanent Location | Current Location | Shelving location | Date acquired | Total Checkouts | Full call number | Barcode | Date last seen | Price effective from | Koha item type |
|---|---|---|---|---|---|---|---|---|---|---|---|---|---|---|
| Central Library (CL) | Central Library (CL) | Thesis | 11/06/2020 | 621.3 | CL-T-747 | 11/06/2020 | 11/06/2020 | Thesis |
